<?xml version="1.0" encoding="UTF-8"?>
<record
    xmlns:xsi="http://www.w3.org/2001/XMLSchema-instance"
    xsi:schemaLocation="http://www.loc.gov/MARC21/slim http://www.loc.gov/standards/marcxml/schema/MARC21slim.xsd"
    xmlns="http://www.loc.gov/MARC21/slim">

  <leader>01376nam a2200265 a 4500</leader>
  <controlfield tag="001"> 79417)</controlfield>
  <controlfield tag="003">BD-RjUL</controlfield>
  <controlfield tag="005">20220220095448.0</controlfield>
  <controlfield tag="008">220220s1914    ne       b    00110 ara d</controlfield>
  <datafield tag="035" ind1=" " ind2=" ">
    <subfield code="a">(BD-RjUL) 79417)</subfield>
  </datafield>
  <datafield tag="040" ind1=" " ind2=" ">
    <subfield code="a">CSt</subfield>
    <subfield code="c">CSt</subfield>
    <subfield code="d">PU</subfield>
    <subfield code="d">UkOxU</subfield>
    <subfield code="b">eng</subfield>
  </datafield>
  <datafield tag="041" ind1="0" ind2=" ">
    <subfield code="a">ara</subfield>
    <subfield code="b">eng</subfield>
  </datafield>
  <datafield tag="082" ind1=" " ind2=" ">
    <subfield code="2">23</subfield>
    <subfield code="a">297.4</subfield>
    <subfield code="b">SAK 1914</subfield>
  </datafield>
  <datafield tag="100" ind1="1" ind2=" ">
    <subfield code="a">&#x633;&#x631;&#x627;&#x62C;&#x60C; &#x623;&#x628;&#x648; &#x646;&#x635;&#x631; &#x639;&#x628;&#x62F; &#x627;&#x644;&#x644;&#x647; &#x628;&#x646; &#x639;&#x644;&#x64A;.;; Sarr&#x101;j, Ab&#x16B; Na&#x1E63;r &#x2BF;Abd All&#x101;h ibn &#x2BF;Al&#x12B;,</subfield>
    <subfield code="d">-988.</subfield>
    <subfield code="9">1460</subfield>
  </datafield>
  <datafield tag="245" ind1="1" ind2="0">
    <subfield code="a">&#x643;&#x62A;&#x627;&#x628; &#x627;&#x644;&#x644;&#x645;&#x639; &#x641;&#x64A; &#x627;&#x644;&#x62A;&#x635;&#x648;&#x641; /  ;; Kit&#x101;b al-luma&#x2BF; f&#x12B; al-ta&#x1E63;awwuf /</subfield>
    <subfield code="c">&#x62A;&#x623;&#x644;&#x64A;&#x641; &#x623;&#x628;&#x64A; &#x646;&#x635;&#x631; &#x639;&#x628;&#x62F; &#x627;&#x644;&#x644;&#x647; &#x628;&#x646; &#x639;&#x644;&#x64A; &#x627;&#x644;&#x633;&#x631;&#x627;&#x62C; &#x627;&#x644;&#x637;&#x648;&#x633;&#x64A; &#x61B; &#x648;&#x642;&#x62F; &#x625;&#x639;&#x62A;&#x646;&#x649; &#x628;&#x646;&#x633;&#x62E;&#x647; &#x648;&#x62A;&#x635;&#x62D;&#x64A;&#x62D;&#x647; &#x631;&#x646;&#x648;&#x644;&#x62F; &#x623;&#x644;&#x646; &#x646;&#x64A;&#x643;&#x644;&#x633;&#x648;&#x646;.;; ta&#x2BC;l&#x12B;f Ab&#x12B; Na&#x1E63;r &#x2BF;Abd All&#x101;h ibn &#x2BF;Al&#x12B; al-Sarr&#x101;j al-&#x1E6C;&#x16B;s&#x12B; ; wa-qad i&#x2BF;tan&#xE1; bi-naskhihi wa-ta&#x1E63;&#x1E25;&#x12B;&#x1E25;ihi Run&#x16B;ld Allan N&#x12B;kuls&#x16B;n.</subfield>
  </datafield>
  <datafield tag="246" ind1="1" ind2="5">
    <subfield code="a">The kitab al-luma&#x2BF; fi &#x2BC;l-ta&#x1E63;awwuf</subfield>
  </datafield>
  <datafield tag="260" ind1=" " ind2=" ">
    <subfield code="a">&#x644;&#x64A;&#x62F;&#x646; :;; Leyden :</subfield>
    <subfield code="b">&#x628;&#x631;&#x64A;&#x644;&#x60C;;; Brill,</subfield>
    <subfield code="c">1914.</subfield>
  </datafield>
  <datafield tag="300" ind1=" " ind2=" ">
    <subfield code="a">l2, 472, 154 p. ;</subfield>
    <subfield code="c">25 cm.</subfield>
  </datafield>
  <datafield tag="504" ind1=" " ind2=" ">
    <subfield code="a">Includes bibliographical references and indexes.</subfield>
  </datafield>
  <datafield tag="650" ind1=" " ind2="0">
    <subfield code="a">Sufism</subfield>
    <subfield code="v">Early works to 1800.</subfield>
    <subfield code="9">176</subfield>
  </datafield>
  <datafield tag="700" ind1="1" ind2=" ">
    <subfield code="a">&#x646;&#x64A;&#x643;&#x644;&#x633;&#x648;&#x646;&#x60C; &#x631;&#x646;&#x648;&#x644;&#x62F; &#x623;&#x644;&#x646;.;; Nicholson, Reynold Alleyne,</subfield>
    <subfield code="d">1868-1945.</subfield>
    <subfield code="9">1461</subfield>
  </datafield>
  <datafield tag="830" ind1=" " ind2="0">
    <subfield code="a">"E.J.W. Gibb memorial" series ;</subfield>
    <subfield code="v">22</subfield>
    <subfield code="9">1462</subfield>
  </datafield>
  <datafield tag="942" ind1=" " ind2=" ">
    <subfield code="2">ddc</subfield>
    <subfield code="c">BK</subfield>
  </datafield>
  <datafield tag="999" ind1=" " ind2=" ">
    <subfield code="c">79417</subfield>
    <subfield code="d">79417</subfield>
  </datafield>
  <datafield tag="952" ind1=" " ind2=" ">
    <subfield code="0">0</subfield>
    <subfield code="1">0</subfield>
    <subfield code="2">ddc</subfield>
    <subfield code="4">0</subfield>
    <subfield code="7">1</subfield>
    <subfield code="8">NFIC</subfield>
    <subfield code="a">RUCL</subfield>
    <subfield code="b">RUCL</subfield>
    <subfield code="c">Reading</subfield>
    <subfield code="d">1968-09-18</subfield>
    <subfield code="e">Zeitlinger</subfield>
    <subfield code="g">80.00</subfield>
    <subfield code="o">A 297.4 SAK 1914</subfield>
    <subfield code="r">2022-02-20 00:00:00</subfield>
    <subfield code="t">C-1</subfield>
    <subfield code="y">BK</subfield>
  </datafield>
</record>
